Alle Länder des Umayyaden-Kalifats (mit Karte) - Statistiken

Allgemein
  • Dieses Quiz wurde 22 mal gespielt
  • Das Durchschnittsergebnis liegt bei 33 aus 36
Antworten auf der Karte
Die Antworten werden auf der Karte rot bzw. grün angezeigt, abhängig davon wie oft sie richtig erraten wurden.
 
Antwortstatistiken
Land % Korrekt
Ägypten
100%
Andorra
100%
Marokko
100%
Portugal
100%
Spanien
100%
Afghanistan
94%
Algerien
94%
Armenien
94%
Frankreich
94%
Irak
94%
Iran
94%
Kasachstan
94%
Kuwait
94%
Libanon
94%
Libyen
94%
Oman
94%
Saudi-Arabien
94%
Tunesien
94%
Türkei
94%
Usbekistan
94%
Vereinigte Arabische Emirate
94%
Aserbaidschan
88%
Bahrain
88%
Georgien
88%
Israel
88%
Jemen
88%
Jordanien
88%
Katar
88%
Pakistan
88%
Syrien
88%
Tadschikistan
88%
Turkmenistan
88%
Zypern
88%
Indien
82%
Kirgistan
82%
Russland
82%
Keine übereinstimmenden Quizze gefunden
Verteilung der Resultate
Anzahl Personen mit jedem Resultat
Perzentil nach korrekt beantworteten Fragen
Ihre Resultats-Entwicklung
Sie haben dieses Quiz noch nicht gespielt